000 01128nam0a22002651 4500
001 rc\799915
005 20041129090723.0
035 _a(NLR Aleph) 005984125
090 _a7059505
_c7059505
100 _a20041129d1984 u |0rusy50 ca
101 0 _arus
102 _aRU
105 _ay |||||||||
200 1 _aСправка изменения политической карты мира
_e(Для ред. и реф.)
_f[Подгот. Кузнецова Л.С., Покидова Е.Н.]
_gГос. ком. СССР по науке и технике, АН СССР, ВИНИТИ. Отд. географии и геофизики. Геогр. справ.-транскрипц. бюро
210 _aМ.
_cВИНИТИ
_d1984
215 _a9 л.
_d30
320 _aБиблиогр.: л. 7-9
700 1 _aКузнецова
_bЛ. С.
701 1 _aПокидова
_bЕ. Н.
712 0 2 _aГеографическое справочно-транскрипционное бюро
_cМосква
_3RU\NLR\AUTH\8819649
801 0 _aRU
_bNLR
_gpsbo
801 1 _aRU
_bELAR
_2rusmarc
852 _aNLR
_j87-9/6
942 _cBOOK
980 _aNB